Elden Ring Quiz - General Knowledge - Statistics

General Stats
  • This quiz has been taken 1,004 times
  • The average score is 26 of 58
Answer Stats
Hint Answer % Correct
What is the main hub of the game called? Roundtable Hold
94%
Where does General Radahn reside? (What country/province?) Caelid
82%
What country is the player started in? Limgrave
82%
What is the name of the steed gifted to the player? Torrent
71%
Who is the person that gifts you the steed above? Melina
69%
Name one Great Rune Boss. Malenia, Blade of Miquella / Mohg, Lord of Blood / Morgott, The Omen King / Godrick the Grafted / Rennala, Queen of the Full Moon / Starscourge Radahn / Rykard, Lord of Blasphemy
63%
Who is the first Remembrance Boss intended for the player to fight? Godrick the Grafted
62%
How many Great Runes do you need in order to enter Leyndell, Royal Capital? Two
62%
How many talisman pouches can the player obtain total? Four
61%
How many Great Rune Bosses are there? Seven
61%
How many children do Marika and Radagon have? (DLC included) Four. Malenia, Miquella, Messmer, Melina
60%
What is the name of the underground city beneath Mistwood? Nokron, Eternal City
60%
Who is the Remembrance Boss in Raya Lucaria? Rennala, Queen of the Full Moon
60%
What is the name of the Sorcery Town in central Caelid? Sellia
60%
How many Divine Towers are there in the Lands Between? Six
60%
Who is the Remembrance Boss located in the Mountaintops of the Giants? The Fire Giant
60%
Who is the man that calls the player maidenless? White Mask Varré
59%
How many Remembrance Bosses are in the base game? Fifteen
58%
How many Churches of Marika exist throughout the Lands Between? Four
58%
Who is the Remembrance Boss located under Volcano Manor? Rykard, Lord of Blasphemy
58%
What is the name of the southernmost Castle? Castle Morne
57%
Who kicks the player off of a cliff in Mt. Gelmir, similar to their actions in other Soulsborne titles? Patches, the Untethered
57%
How many Walking Mausoleums are in the game? Seven
57%
How many Minor Erdtrees are there in the Lands Between? Eleven. One in Limgrave, One in the Weeping Peninsula, Two in Caelid, Two in Liurnia of the Lakes, Two in Altus, One burnt in Mount Gelmir, One in Mountaintops, One frozen in the Consecrated Snowfield
56%
Who stole a fragment of the Rune of Death? Ranni the Witch
56%
Who is the first merchant the player is supposed to come across Merchant Kalé
54%
What is the name of the underground city beneath Liurnia of the Lakes? Nokstella, Eternal City
53%
How many legendary talismans are there? Eight
52%
Who is the optional Remembrance Boss in Crumbling Farum Azula? Dragonlord Placidusax
51%
Who defiles the corpses of their vicitims? The Dung Eater
51%
What is Godfrey's Tarnished name? Hoarah Loux, Warrior
49%
Who is the giant smith in northern Liurnia of the Lakes? Smithing Master Iji / War Counselor Iji
45%
Who is the shadow of the above? Blaidd, the Half-Wolf
44%
What does the player have to interact with in order to become the Lord of Frenzied Flame? The Three Fingers
44%
What item is used to increase the amount of Crimson/Cerulean Flask charges you have? Golden Seeds
43%
Who is the imprisoned smith in Roundtable Hold? Smithing Master Hewg
39%
Who is on a journey to prove their strength? Iron Fist Alexander
36%
What is the ultimate goal of the Tarnished? To brandish the Elden Ring become Elden Lord
36%
What item is used to increase the amount of HP/FP gained when using the Crimson/Cerulean Flask? Sacred Tear
34%
Who do you give Bell Bearings to? The Twin Maiden Husks
33%
What enemy can be used to duplicate Remembrances? Walking Mausoleums
33%
Who invites the player to the Volcano Manor, and is later revealed to be a Man-Serpent? Rya the Scout
31%
Which Great Runes are activated at the tower that activates two? (the second to last question in Locations) (Give the names of the owners, i.e. ___and ___) Mohg and Morgott
30%
Who sells the player boiled prawn and crab? Blackguard Big Boggart
29%
What sorcery does Primeval Sorcerer Azur give you? Comet Azur
29%
Name one legendary talisman. Radagon Icon / Godfrey Icon / Radagon's Soreseal / Moon of Nokstella / Dragoncrest Greatshield Talisman / Marika's Soreseal / Old Lord's Talisman / Erdtree's Favor +2
28%
What is the final form of the Fallingstar Beast life cycle? (The name of the boss that is the final form) Astel, Naturalborn of the Void
26%
Where does Malenia, Blade of Miquella reside? Elphael, Brace of the Haligtree
26%
Who is theorized to be another of Godfrey's children, apart from Mohg, Morgott and Godwyn? Nepheli Loux
24%
Who is the caretaker of the above? Sir Gideon Ofnir, the All-Knowing
24%
Which tower activates two Great Runes? Divine Tower of East Altus
23%
Who is trapped in the southern Limgrave Evergaol? Bloodhound Knight Darriwil
21%
What does Fia give you when held in Roundtable Hold? Baldachin's Blessing
20%
Who is the brother of Diallos Hoslow? Juno Hoslow
17%
What item is used to mix Crystal Tears? Flask of Wondrous Physick
15%
What is Adan the thief of? (What incantation?) Flame of the Fell God
9%
Who does Sir Gideon Ofnir want to find? Latenna, The Albinauric Woman
9%
What Multiplayer item is immediately accessible as soon as a new game is started? Tarnished's Wizened Finger
4%
No matching quizzes found
Score Distribution
Percent of People with Each Score
Percentile by Number Answered
Your Score History
You have not taken this quiz